[Event "POL-chT U20 2nd League"]
[Site "Szczyrk"]
[Date "2017.07.30"]
[Round "11.61"]
[White "Charczenko, Dominik"]
[Black "Owoc, Jakub"]
[Result "1/2-1/2"]
[WhiteElo "1635"]
[BlackElo "1430"]
[PlyCount "156"]
[EventDate "2017.07.22"]
[EventType "team-swiss"]
[EventRounds "11"]
[EventCountry "POL"]
[SourceTitle "EXT 2019"]
[Source "ChessBase"]
[SourceDate "2018.10.10"]
[SourceVersion "1"]
[SourceVersionDate "2018.10.10"]
[SourceQuality "1"]

1. e4 c6 2. d4 d5 3. Nc3 e6 4. a3 Nd7 5. Bf4 Ne7 6. Nf3 Ng6 7. Bg3 Be7 8. exd5 cxd5 9. Nb5 e5 10. dxe5 a6 11. Nc3 Nb6 12. Qd4 Be6 13. Bd3 Rc8 14. Bxg6 hxg6 15. 0-0 Bc5 16. Qd1 Nc4 17. Na4 Be7 18. Nd2 Nxd2 19. Qxd2 b5 20. Nc3 d4 21. Ne2 Bf5 22. Rac1 Bc5 23. Rfd1 0-0 24. Nxd4 Bxd4 25. Qxd4 Qxd4 26. Rxd4 Rxc2 27. Rxc2 Bxc2 28. Rd6 a5 29. e6 f6 30. e7 Re8 31. Rd8 Kf7 32. Bd6 a4 33. Kf1 Bd3+ 34. Ke1 Bc4 35. Kd2 Bd5 36. g3 Bc4 37. h4 Bd5 38. Ke3 Bc6 39. Kf4 Ke6 40. Bb4 Bd7 41. g4 Bc6 42. Rd6+ Kxe7 43. Rxc6+ Kf7 44. Rc5 Re2 45. Kf3 Rxb2 46. Rxb5 Rb3+ 47. Kg2 Rd3 48. Ra5 Rd4 49. f3 f5 50. gxf5 Rxh4 51. fxg6+ Kxg6 52. Rxa4 Kf5 53. Ra5+ Ke6 54. Rg5 Kf6 55. Rg4 Rh7 56. Rxg7 Kxg7 57. Kg3 Kf6 58. Kg4 Rg7+ 59. Kf4 Ke6 60. Ke4 Rf7 61. f4 Rf6 62. a4 Rf7 63. a5 Rb7 64. f5+ Kf7 65. Bc5 Rb5 66. Bb6 Kf6 67. Bd8+ Kf7 68. f6 Ke6 69. Kf4 Rd5 70. Bb6 Kxf6 71. Ke4 Ke6 72. a6 Rd2 73. a7 Ra2 74. Bd4 Kd6 75. Be5+ Kc6 76. Bb8 Kb7 77. Kd5 Rxa7 78. Bxa7 Kxa7 1/2-1/2

[Event "POL-chT U20 2nd League"]
[Site "Szczyrk"]
[Date "2017.07.28"]
[Round "9.43"]
[White "Charczenko, Dominik"]
[Black "Kucharski, Daniel"]
[Result "1/2-1/2"]
[WhiteElo "1635"]
[BlackElo "1476"]
[PlyCount "49"]
[EventDate "2017.07.22"]
[EventType "team-swiss"]
[EventRounds "11"]
[EventCountry "POL"]
[SourceTitle "EXT 2019"]
[Source "ChessBase"]
[SourceDate "2018.10.10"]
[SourceVersion "1"]
[SourceVersionDate "2018.10.10"]
[SourceQuality "1"]

1. e4 e5 2. Nf3 Nc6 3. Bb5 a6 4. Ba4 Nf6 5. 0-0 Be7 6. Re1 b5 7. Bb3 d6 8. h3 0-0 9. c3 Bb7 10. d4 exd4 11. cxd4 Nd7 12. Nc3 Bf6 13. Nd5 Re8 14. Qd3 Na5 15. Bd2 Nxb3 16. Qxb3 c5 17. Nxf6+ Qxf6 18. d5 c4 19. Qc2 Nc5 20. Bc3 Qf4 21. Bd2 Qf6 22. Bc3 Qf4 23. Bd2 Qf6 24. Bc3 Qf4 25. Bd2 1/2-1/2

[Event "POL-chT U20 2nd League"]
[Site "Szczyrk"]
[Date "2017.07.27"]
[Round "8.38"]
[White "Fiszer, Bartosz"]
[Black "Charczenko, Dominik"]
[Result "1-0"]
[WhiteElo "1767"]
[BlackElo "1635"]
[PlyCount "83"]
[EventDate "2017.07.22"]
[EventType "team-swiss"]
[EventRounds "11"]
[EventCountry "POL"]
[SourceTitle "EXT 2019"]
[Source "ChessBase"]
[SourceDate "2018.10.10"]
[SourceVersion "1"]
[SourceVersionDate "2018.10.10"]
[SourceQuality "1"]

1. e4 c6 2. d4 d5 3. Nc3 dxe4 4. Nxe4 Bf5 5. Ng3 Bg6 6. h4 h6 7. Nf3 Nd7 8. h5 Bh7 9. Bd3 Bxd3 10. Qxd3 Ngf6 11. Bd2 e6 12. 0-0-0 Qc7 13. Ne4 0-0-0 14. Nxf6 Nxf6 15. Qe2 Bd6 16. Ne5 Rhf8 17. f4 Nd7 18. Qg4 Bxe5 19. dxe5 Rg8 20. Qf3 b6 21. Be3 Nb8 22. Qg3 c5 23. Rxd8+ Kxd8 24. f5 Nc6 25. fxe6 fxe6 26. Rd1+ Kc8 27. Rd6 Re8 28. Qg6 Re7 29. Qe4 Nb8 30. c3 Qb7 31. Qg4 Nc6 32. Rxe6 Rxe6 33. Qxe6+ Qd7 34. Qg8+ Kb7 35. e6 Qe7 36. Qf7 Kc7 37. Bf4+ Kd8 38. Qg8+ Qe8 39. Bc7+ Ke7 40. Bd6+ Kd8 41. Qf7 Ne7 42. Bc7+ 1-0

[Event "POL-chT U20 2nd League"]
[Site "Szczyrk"]
[Date "2017.07.24"]
[Round "4.32"]
[White "Charczenko, Dominik"]
[Black "Hampel, Anna"]
[Result "1-0"]
[WhiteElo "1635"]
[BlackElo "1581"]
[PlyCount "63"]
[EventDate "2017.07.22"]
[EventType "team-swiss"]
[EventRounds "11"]
[EventCountry "POL"]
[SourceTitle "EXT 2019"]
[Source "ChessBase"]
[SourceDate "2018.10.10"]
[SourceVersion "1"]
[SourceVersionDate "2018.10.10"]
[SourceQuality "1"]

1. d4 d5 2. c4 e6 3. Nc3 Nf6 4. Bf4 Be7 5. e3 0-0 6. Nf3 c5 7. dxc5 Bxc5 8. cxd5 exd5 9. Be2 Nc6 10. 0-0 Bf5 11. Rc1 Be7 12. Nd4 Bg6 13. Qa4 Qb6 14. Qb3 Nxd4 15. exd4 Qxd4 16. Be3 Qe5 17. Rfd1 Rfd8 18. Qxb7 Rab8 19. Qxa7 Bd6 20. g3 Rxb2 21. Bd4 Qe6 22. Bf3 Rc2 23. Qa5 Qc8 24. Rxc2 Bxc2 25. Re1 Bc7 26. Qc5 Bf5 27. Bxf6 gxf6 28. Nxd5 Bd6 29. Nxf6+ Kg7 30. Qxc8 Rxc8 31. Ne8+ Kf8 32. Nxd6 1-0

[Event "POL-chT U19 2nd League"]
[Site "Iwonicz"]
[Date "2016.07.31"]
[Round "5.68"]
[White "Bakalarczyk, Jakub"]
[Black "Charczenko, Dominik"]
[Result "1/2-1/2"]
[WhiteElo "1591"]
[BlackElo "1596"]
[PlyCount "61"]
[EventDate "2016.07.23"]
[EventType "team-swiss"]
[EventRounds "11"]
[EventCountry "POL"]
[SourceTitle "EXT 2019"]
[Source "ChessBase"]
[SourceDate "2018.10.10"]
[SourceVersion "1"]
[SourceVersionDate "2018.10.10"]
[SourceQuality "1"]
[WhiteTeam "Wielun UKS Piatka U19"]
[BlackTeam "Strzelce Opolskie Adamietz U19"]
[WhiteTeamCountry "POL"]
[BlackTeamCountry "POL"]

1. d4 Nf6 2. c4 e6 3. Nc3 Bb4 4. Qc2 d5 5. cxd5 exd5 6. Bg5 c6 7. Nf3 Qd6 8. Nd2 Nbd7 9. e3 h6 10. Bf4 Qe7 11. Be2 Ne4 12. Ncxe4 Qxe4 13. Qxe4+ dxe4 14. a3 Bxd2+ 15. Kxd2 Nb6 16. Rhc1 Be6 17. b4 a6 18. Bg3 Kd7 19. f3 Bf5 20. fxe4 Bxe4 21. Bf3 Rhe8 22. Rc3 Bxf3 23. gxf3 f5 24. Be5 g5 25. Rg1 Rg8 26. e4 f4 27. h3 Ke6 28. Bc7 Na4 29. Rd3 Nb2 30. Rc3 Na4 31. Rd3 1/2-1/2

[Event "POL-chT U19 2nd League"]
[Site "Iwonicz"]
[Date "2016.07.31"]
[Round "9.86"]
[White "Charczenko, Dominik"]
[Black "Szczuraszyk, Jaroslaw"]
[Result "1/2-1/2"]
[WhiteElo "1596"]
[BlackElo "1643"]
[PlyCount "84"]
[EventDate "2016.07.23"]
[EventType "team-swiss"]
[EventRounds "11"]
[EventCountry "POL"]
[SourceTitle "EXT 2019"]
[Source "ChessBase"]
[SourceDate "2018.10.10"]
[SourceVersion "1"]
[SourceVersionDate "2018.10.10"]
[SourceQuality "1"]
[WhiteTeam "Strzelce Opolskie Adamietz U19"]
[BlackTeam "Wroclaw MUKS MDK Srodmiescie U19 II"]
[WhiteTeamCountry "POL"]
[BlackTeamCountry "POL"]

1. d4 d5 2. c4 e6 3. Nc3 Nf6 4. a3 b6 5. Bg5 Be7 6. Nf3 Nbd7 7. Rc1 Bb7 8. cxd5 exd5 9. e3 0-0 10. b4 c5 11. dxc5 bxc5 12. bxc5 Bxc5 13. Qb3 Rb8 14. Bf4 Rc8 15. Qxb7 Bxa3 16. Rc2 Qa5 17. Qa6 Bb4 18. Bb5 Qxa6 19. Bxa6 Rxc3 20. Rxc3 Bxc3+ 21. Ke2 Nc5 22. Bb5 a6 23. Rc1 Bb4 24. Rb1 Nfe4 25. Rxb4 Nc3+ 26. Kf1 Nxb5 27. Rb1 Nd3 28. Bg3 Rc8 29. Ne5 Nxe5 30. Bxe5 f6 31. Bf4 Kf7 32. Ke1 Ke6 33. Kd2 Rc4 34. Ra1 Rc6 35. Ra5 Nd6 36. Bxd6 Kxd6 37. Kd3 g6 38. h3 Rb6 39. Kd4 Rb4+ 40. Kc3 Rb6 41. Kd4 Rb4+ 42. Kc3 Rb6 1/2-1/2